[Event "AUTO-ADV-3167"]
[Site "http://www.queenalice.com/game.php?id=1288589"]
[Date "2014.6.16"]
[Round "1"]
[White "brunoparadisi"]
[Black "ALDROB"]
[Result "1-0"]
[WhiteElo "1919"]
[BlackElo "1752"]

1. e4 e5 2. Nf3 Nc6 3. Bc4 Nf6 4. Ng5 d5 5. exd5 Na5 6. Bb5+ c6 7. dxc6 bxc6 8.
Be2 h6 9. Nf3 e4 10. Ne5 Bd6 11. d4 exd3 12. Nxd3 Qc7 13. g3 O-O 14. O-O Bh3 15.
Re1 c5 16. Bf4 Bxf4 17. Nxf4 Bf5 18. Bf3 Rad8 19. Qc1 Nc4 20. b3 Ne5 21. Bg2 g5
22. Ne2 Nd5 23. a3 Qa5 24. c4 Nb4 25. Rd1 Ned3 26. Qc3 Rfe8 27. axb4 Qb6 28.
bxc5 Nxc5 29. Nd4 Nxb3 30. Nxf5 Rxd1+ 31. Bf1 f6 32. Nxh6+ Kg7 33. Nf5+ Kg6 34.
Qc2 Rxf1+ 35. Kxf1 Nxa1 36. Qd3 Rd8 37. Ne7+ Kf7 38. Nd5 Qc5 39. Qh7+ Ke6 40.
Qe4+ Kf7 41. Nbc3 Nb3 42. Qh7+ Ke6 43. Nc7+ Ke5 44. Qe4+ Kd6 45. N3b5+ Kd7 46.
Qe6# 1-0

[Event "AUTO-ADV-3167"]
[Site "http://www.queenalice.com/game.php?id=1288600"]
[Date "2014.6.16"]
[Round "1"]
[White "brunoparadisi"]
[Black "Raiman"]
[Result "0-1"]
[WhiteElo "1979"]
[BlackElo "2212"]

1. e4 g6 2. Nf3 d6 3. Bc4 Bg7 4. Ng5 Nh6 5. c3 c6 6. d4 b5 7. Be2 Nd7 8. Nd2 e5
9. Ngf3 O-O 10. a3 f5 11. exf5 gxf5 12. O-O e4 13. Ne1 d5 14. f4 Kh8 15. g3 Ng4
16. Ng2 c5 17. h3 cxd4 18. Bxb5 dxc3 19. bxc3 Qb6+ 0-1

[Event "AUTO-ADV-3167"]
[Site "http://www.queenalice.com/game.php?id=1288601"]
[Date "2014.6.16"]
[Round "1"]
[White "Raiman"]
[Black "brunoparadisi"]
[Result "1-0"]
[WhiteElo "2291"]
[BlackElo "1950"]

1. Nf3 d5 2. e3 Nf6 3. b3 c6 4. Bb2 Nbd7 5. Be2 e6 6. O-O Be7 7. d3 c5 8. Nbd2
O-O 9. Ne5 Nxe5 10. Bxe5 Nd7 11. Bb2 Bf6 12. c3 b6 13. Bf3 Rb8 14. d4 Bb7 15.
Re1 Qc7 16. e4 cxd4 17. cxd4 Rfc8 18. Rc1 Qd8 19. Qe2 Rxc1 20. Rxc1 dxe4 21.
Nxe4 Be7 22. Nc3 Bxf3 23. Qxf3 Rc8 24. Rd1 a6 25. d5 e5 26. d6 Bf8 27. h3 Nc5
28. Qd5 Nd7 29. Ne4 Nf6 30. Qxe5 Nxe4 31. Qxe4 Qd7 32. Rd5 f6 33. Rh5 g6 34.
Qd5+ 1-0

[Event "AUTO-ADV-3242"]
[Site "http://www.queenalice.com/game.php?id=1309042"]
[Date "2014.9.18"]
[Round "1"]
[White "brunoparadisi"]
[Black "Scooby_99"]
[Result "1-0"]
[WhiteElo "1935"]
[BlackElo "1972"]

1. e4 Nf6 2. e5 Nd5 3. c4 Nb6 4. Nf3 d5 5. cxd5 Nxd5 6. d4 Bg4 7. Be2 e6 8. O-O
Nc6 9. b3 Qd7 10. Bb2 O-O-O 11. Nbd2 f5 12. a3 Nf4 13. Bb5 h6 14. Qc2 Qd5 15.
Bc4 Qd7 16. g3 Nh3+ 17. Kg2 Be7 18. b4 Ng5 19. Rfe1 Bh3+ 20. Kg1 Nxf3+ 21. Nxf3
g5 22. Qb3 f4 23. Rad1 fxg3 24. fxg3 Rdf8 25. d5 exd5 26. Bxd5 Qg4 27. Nd4 Nxd4
28. Bxd4 Kb8 29. Qa4 c5 30. bxc5 Bxc5 31. Bxb7 Rf1+ 32. Rxf1 Bxf1 33. Kxf1 Rf8+
34. Kg1 Bxd4+ 35. Rxd4 Qe2 36. Qd1 Qe3+ 37. Kh1 Rf1+ 38. Qxf1 Qxd4 39. Qb5 Qa1+
40. Kg2 Qa2+ 41. Kh3 Qe6+ 42. g4 1-0

[Event "AUTO-ADV-3242"]
[Site "http://www.queenalice.com/game.php?id=1309043"]
[Date "2014.9.18"]
[Round "1"]
[White "Scooby_99"]
[Black "brunoparadisi"]
[Result "0-1"]
[WhiteElo "1962"]
[BlackElo "1906"]

1. e4 c6 2. Nf3 d5 3. exd5 cxd5 4. d3 Nf6 5. Be2 e6 6. Nc3 Nbd7 7. Bd2 Be7 8. d4
a6 9. Qc1 b5 10. O-O Bb7 11. a3 O-O 12. Rb1 Rc8 13. Nd1 Qc7 14. c3 Rfe8 15. Ne3
Ne4 16. Bd3 Ndf6 17. b4 Nxd2 18. Qxd2 Qxc3 19. Qd1 Qxa3 20. Ne5 Rc7 21. Qf3 Rec8
22. N3g4 Qc3 23. Nxf6+ Bxf6 24. Qh3 h6 25. Rfc1 Qxd4 26. Rxc7 Rxc7 27. Rd1 Qxe5
28. Bb1 Bg5 29. Qd3 g6 30. h3 Rc1 31. Rxc1 Bxc1 32. g3 Qe1+ 33. Kg2 d4+ 34. f3
Be3 0-1

[Event "AUTO-ADV-3242"]
[Site "http://www.queenalice.com/game.php?id=1309044"]
[Date "2014.9.18"]
[Round "1"]
[White "brunoparadisi"]
[Black "solzhenitsyn"]
[Result "0-1"]
[WhiteElo "1952"]
[BlackElo "1900"]

1. e4 c5 2. Nf3 d6 3. Bc4 e6 4. c3 Nc6 5. a3 Nf6 6. d3 Be7 7. Nbd2 O-O 8. O-O
Bd7 9. b4 b6 10. Bb2 e5 11. Ng5 Bg4 12. Qb3 Bh5 13. Rfe1 h6 14. Ngf3 Bxf3 15.
Nxf3 Rb8 16. Bxf7+ Rxf7 17. Qa4 b5 18. Qc2 Qd7 19. Qe2 c4 20. d4 Rbf8 21. d5 Nd8
22. Rf1 Qg4 23. Rae1 Nh5 24. h3 Qd7 25. Bc1 Nf4 26. Qe3 Nxh3+ 27. gxh3 Rxf3 28.
Qe2 Qxh3 29. Be3 R8f6 0-1

[Event "AUTO-ADV-3242"]
[Site "http://www.queenalice.com/game.php?id=1309045"]
[Date "2014.9.18"]
[Round "1"]
[White "solzhenitsyn"]
[Black "brunoparadisi"]
[Result "0-1"]
[WhiteElo "1962"]
[BlackElo "1934"]

1. d4 d5 2. c4 Nf6 3. Nf3 c6 4. Bg5 Nbd7 5. e3 e6 6. c5 b5 7. b4 a5 8. bxa5
Qxa5+ 9. Qd2 Ne4 10. Qxa5 Rxa5 11. Nbd2 Nc3 12. a3 h6 13. Bf4 g5 14. Be5 Rg8 15.
Bd3 f6 16. Bc7 Ra7 17. Bg3 h5 18. O-O h4 19. Bh7 Rg7 20. Bd3 hxg3 21. fxg3 g4
22. Nh4 f5 23. Rfc1 Na4 24. Rab1 Rg8 25. Kf2 Be7 26. Rb3 Nf8 27. Kg1 Rh8 28. Rf1
Bxh4 29. gxh4 Rxh4 30. g3 Rh6 31. Rf2 Nh7 32. Nb1 Ng5 33. Kg2 Nf3 34. h4 gxh3+
35. Kxf3 h2 0-1

[Event "AUTO-ADV-3242"]
[Site "http://www.queenalice.com/game.php?id=1309046"]
[Date "2014.9.18"]
[Round "1"]
[White "brunoparadisi"]
[Black "yasseryack"]
[Result "1-0"]
[WhiteElo "1924"]
[BlackElo "1808"]

1. e4 e6 2. d4 Nc6 3. Nf3 Be7 4. Be2 Nf6 5. Nbd2 O-O 6. a3 d5 7. e5 Ne4 8. c3
Nxd2 9. Bxd2 b6 10. b4 a6 11. a4 Bd7 12. O-O b5 13. axb5 axb5 14. Bxb5 Rxa1 15.
Qxa1 Nxe5 16. Be2 Nxf3+ 17. Bxf3 Bb5 18. Re1 Qd7 19. Qb1 Bf6 20. Bg4 Qd6 21. Re3
Bg5 22. Rh3 f5 23. Bxg5 fxg4 24. Qxh7+ Kf7 25. Qh5+ g6 26. Qh7+ Ke8 27. Qxg6+
Kd7 28. Re3 Ra8 29. Re1 Rh8 30. Qg7+ Kc6 31. Qxh8 Bd3 32. Qe8+ Kb7 33. Rxe6 Qxe6
34. Qxe6 c6 35. Qxg4 Kb6 36. Qc8 Ba6 37. Qb8+ Bb7 38. Bd8+ Ka6 39. Qc7 Ka7 40.
f4 Ka8 41. Be7 Ka7 42. Bc5+ Ka8 43. Qd8+ 1-0

[Event "AUTO-ADV-3242"]
[Site "http://www.queenalice.com/game.php?id=1309047"]
[Date "2014.9.18"]
[Round "1"]
[White "yasseryack"]
[Black "brunoparadisi"]
[Result "0-1"]
[WhiteElo "1790"]
[BlackElo "1951"]

1. f4 d5 2. Nf3 Nf6 3. d3 c6 4. g3 Qb6 5. Nbd2 Ng4 6. e3 Nxe3 7. Nc4 dxc4 8.
Bxe3 Qxb2 9. dxc4 Bg4 10. Be2 e6 11. O-O b6 12. Bd4 Bc5 13. Rb1 Bxd4+ 14. Nxd4
Bxe2 15. Nxe2 Qxa2 16. Qd3 Qa6 17. Ra1 Qc8 18. Qa3 c5 19. Qf3 Nd7 20. Nc3 O-O
21. Nb5 Nf6 22. Nxa7 Qb8 23. Nc6 Qb7 24. Rxa8 Rxa8 25. Ne7+ Qxe7 26. Qxa8+ Ne8
27. Rd1 g6 28. Rd8 Kf8 29. Rxe8+ Qxe8 30. Qb7 Qd8 31. Qe4 Qd4+ 32. Qxd4 cxd4 33.
Kf2 Ke7 34. h4 Kd6 35. Ke2 Kc5 36. c3 Kxc4 37. cxd4 Kxd4 38. Kd2 b5 39. Kc2 Kc4
40. g4 f6 41. g5 fxg5 42. hxg5 b4 43. Kb2 b3 44. Kb1 Kd4 45. Kb2 e5 46. fxe5
Kxe5 47. Kxb3 Kf5 48. Kc3 Kxg5 49. Kd3 Kf4 50. Ke2 h5 51. Kf2 g5 52. Kg2 g4 53.
Kh2 Kf3 54. Kh1 h4 55. Kg1 g3 56. Kf1 g2+ 57. Kg1 h3 58. Kh2 Kf2 59. Kxh3 g1=Q
0-1

[Event "AUTO-MASTER-2192"]
[Site "http://www.queenalice.com/game.php?id=1322390"]
[Date "2014.11.15"]
[Round "1"]
[White "Lindomar"]
[Black "brunoparadisi"]
[Result "1-0"]
[WhiteElo "2245"]
[BlackElo "1967"]

1. d4 d5 2. c4 c6 3. Nc3 Nf6 4. Nf3 e6 5. Bg5 Nbd7 6. e3 Be7 7. Bd3 dxc4 8. Bxc4
b5 9. Bd3 Bb7 10. O-O a5 11. Qe2 O-O 12. Rfd1 Re8 13. Rac1 Nd5 14. Bxe7 Nxe7 15.
e4 Ng6 16. Bb1 Ba6 17. Qe3 Qb6 18. e5 Rac8 19. Ne4 Rc7 20. Nd6 Rd8 21. Ng5 Rf8
22. h4 h6 23. Nxe6 fxe6 24. Bxg6 b4 25. Bb1 Qb8 26. Qe4 Rf5 27. g4 Qf8 28. gxf5
exf5 29. Nxf5 1-0

[Event "AUTO-MASTER-2192"]
[Site "http://www.queenalice.com/game.php?id=1322391"]
[Date "2014.11.15"]
[Round "1"]
[White "brunoparadisi"]
[Black "Lindomar"]
[Result "0-1"]
[WhiteElo "1973"]
[BlackElo "2272"]

1. e4 c5 2. Nf3 d6 3. Bc4 Nc6 4. c3 Nf6 5. Ng5 e6 6. d3 Be7 7. O-O O-O 8. a3 a6
9. Nd2 b5 10. Bb3 d5 11. Re1 c4 12. Bc2 cxd3 13. Bxd3 e5 14. exd5 Qxd5 15. Qc2
h6 16. Nge4 Bb7 17. Rd1 Rad8 18. Nf3 Nxe4 19. Be3 Na5 20. Be2 Qc6 21. Nxe5 Qc7
22. Nf3 Rxd1+ 23. Rxd1 Rd8 24. Re1 Nf6 25. Nd4 Nc4 26. Bc1 Be4 27. Bd3 Bxd3 28.
Qxd3 Bc5 29. b4 Bxd4 30. cxd4 Qd6 31. Rd1 Nd5 32. g3 Qe6 33. Kg2 Re8 34. h3 Qe4+
35. Qxe4 Rxe4 36. Kf3 Re8 37. h4 f5 38. Kg2 Kf7 39. Kf1 Kf6 40. Kg2 Re2 41. Kf3
Ra2 42. Rd3 g5 43. hxg5+ hxg5 0-1

[Event "AUTO-MASTER-2192"]
[Site "http://www.queenalice.com/game.php?id=1322404"]
[Date "2014.11.15"]
[Round "1"]
[White "brunoparadisi"]
[Black "dadge"]
[Result "0-1"]
[WhiteElo "1983"]
[BlackElo "2139"]

1. e4 e5 2. Nf3 Nc6 3. Bc4 h6 4. c3 Nf6 5. d3 d6 6. Qb3 Qd7 7. Nbd2 Na5 8. Qc2
Nxc4 9. Nxc4 b5 10. Na5 c5 11. Nb3 Bb7 12. O-O c4 13. Nbd2 cxd3 14. Qxd3 Be7 15.
Re1 O-O 16. b4 Rac8 17. Bb2 a6 18. a3 Nh5 19. Nxe5 Qe6 20. Nef3 Qg4 21. Nf1 Nf4
22. Ne3 Bxe4 23. Nxg4 Nxd3 24. Rxe4 f5 25. Rxe7 fxg4 26. Ne1 Nxb2 27. Rb1 Nc4
28. Ra1 Rfe8 29. Ra7 Rc6 30. g3 Nd2 31. Ng2 Nf3+ 32. Kh1 Rec8 33. Rc1 Rxc3 34.
Rf1 R3c6 35. Ne3 h5 36. Nd5 Rc1 37. Kg2 Rxf1 38. Kxf1 Rc1+ 39. Ke2 Re1+ 40. Kd3
Rd1+ 41. Ke4 Rd4+ 0-1

[Event "AUTO-MASTER-2192"]
[Site "http://www.queenalice.com/game.php?id=1322405"]
[Date "2014.11.15"]
[Round "1"]
[White "dadge"]
[Black "brunoparadisi"]
[Result "0-1"]
[WhiteElo "2076"]
[BlackElo "1962"]

1. e4 c6 2. d4 d5 3. e5 Bf5 4. Nf3 e6 5. Bd3 Ne7 6. Bg5 Bxd3 7. Qxd3 Nd7 8. Nbd2
Qb6 9. O-O c5 10. c3 cxd4 11. cxd4 Nc6 12. Nb3 Be7 13. Bxe7 Nxe7 14. Rac1 O-O
15. Rc2 Nc6 16. Rfc1 Nb4 17. Qe2 Nxc2 18. Rxc2 Rac8 19. Rd2 a5 20. Rc2 a4 21.
Nc1 Qa5 22. h3 b5 23. Ng5 h6 24. Nf3 Rxc2 25. Qxc2 Nb6 26. Nd3 Rc8 27. Qe2 Nc4
28. Nc5 Qb4 29. b3 axb3 30. axb3 Na5 31. Qe3 Nc6 32. h4 Nxd4 33. Nd3 Nxf3+ 0-1

[Event "AUTO-MASTER-2192"]
[Site "http://www.queenalice.com/game.php?id=1322406"]
[Date "2014.11.15"]
[Round "1"]
[White "brunoparadisi"]
[Black "andrevillares"]
[Result "1-0"]
[WhiteElo "1883"]
[BlackElo "1991"]

1. e4 c6 2. d4 d5 3. e5 Bf5 4. Nf3 e6 5. Be2 Nd7 6. O-O c5 7. c3 Ne7 8. Re1 cxd4
9. cxd4 Nc6 10. a3 Be7 11. Nc3 O-O 12. b4 a6 13. h3 Rc8 14. Bf1 Nxb4 15. Bb2 Nc2
16. Bd3 Nxa1 17. Bxf5 exf5 18. Qxa1 Nb6 19. Ne2 Nc4 20. Bc1 Qa5 21. Rd1 Nxa3 22.
Rd3 Nc4 23. Qb1 b5 24. Nd2 Rc7 25. Nxc4 Qe1+ 26. Kh2 dxc4 27. Re3 Qxf2 28. Ng1
f4 29. Rf3 Qxd4 30. Bxf4 Bc5 31. Ne2 Qe4 32. Qxe4 1-0

[Event "AUTO-MASTER-2192"]
[Site "http://www.queenalice.com/game.php?id=1322407"]
[Date "2014.11.15"]
[Round "1"]
[White "andrevillares"]
[Black "brunoparadisi"]
[Result "1-0"]
[WhiteElo "2009"]
[BlackElo "1903"]

1. d4 d5 2. c4 Nf6 3. cxd5 Qxd5 4. Nc3 Qd8 5. e4 c6 6. Bc4 b5 7. Bb3 a5 8. e5
Ng8 9. a4 b4 10. Ne4 e6 11. Nf3 Ba6 12. Bg5 Qc7 13. Qc2 Be7 14. Bxe7 Nxe7 15.
Nd6+ Kf8 16. Qe4 Nd7 17. Qf4 Nf5 18. Ng5 h6 19. Ngxf7 Ke7 20. Nxf5+ exf5 21. Nd6
g6 22. O-O-O Raf8 23. Kb1 Nb6 24. Rhe1 Nd5 25. Qh4+ g5 26. Qh3 Nf4 27. Nxf5+ Kd8
28. Qg4 Bd3+ 29. Rxd3 Nxd3 30. Re2 Qf7 31. Bxf7 Rxf7 32. e6 1-0

[Event "AUTO-ADV-3349"]
[Site "http://www.queenalice.com/game.php?id=1339740"]
[Date "2015.2.6"]
[Round "1"]
[White "brunoparadisi"]
[Black "pgierech"]
[Result "0-1"]
[WhiteElo "1891"]
[BlackElo "2030"]

1. e4 Nf6 2. d3 d6 3. Nf3 g6 4. Nbd2 Bg7 5. c3 O-O 6. d4 c6 7. Be2 Nbd7 8. b4 e5
9. Bb2 Re8 10. O-O Nh5 11. h3 Nf4 12. Bc4 Nb6 13. Bb3 Nd3 14. Ba3 Be6 15. Bxe6
Rxe6 16. Nb1 Nf4 0-1

[Event "AUTO-ADV-3349"]
[Site "http://www.queenalice.com/game.php?id=1339741"]
[Date "2015.2.6"]
[Round "1"]
[White "pgierech"]
[Black "brunoparadisi"]
[Result "1-0"]
[WhiteElo "2004"]
[BlackElo "1895"]

1. c4 c6 2. d4 d5 3. Nc3 Nf6 4. Nf3 dxc4 5. e4 b5 6. a4 Ba6 7. axb5 cxb5 8. b3
b4 9. e5 Ng8 10. Ne4 Qd5 11. Nc5 Bc8 12. Bxc4 Qe4+ 13. Nxe4 1-0